• 首页
  • 本馆介绍
  • 公告通知
  • 最新文献
  • 馆藏检索
  • 电子资源
  • 读者导购
  • 参考咨询
  • 我的图书馆
  • 登录
  • 详细信息显示
  • 放入我的书架
  • 预约/预借图书
  • 作者相关作品
  • 分类相关作品
  • 丛书相关作品
  • 出版社相关作品

书目信息

  • 表格格式
  • 工作单格式
  • 卡片格式
题名:
成衣纸样与服装缝制工艺
    
 
作者: 孙兆全 主编
分册:  
出版信息: 北京   中国纺织出版社  2000.06
页数: 304页
开本: 26cm
丛书名:
单 册:
中图分类: TS941.63
科图分类:
主题词: 服装工业
电子资源:
ISBN: 7-5064-1673-5
000 00621nam0 2200205 450
001 0430762309
005 20240903102916.91
010    @a7-5064-1673-5@dCNY30.00
100    @a20040330d2000 km y0chiy0120 ea
101 0  @achi
102    @aCN@b110000
200 1  @a成衣纸样与服装缝制工艺@Acheng yi zhi yang yu fu zhuang feng zhi gong yi@f孙兆全主编@Fsun zhao quan zhu bian
210    @a北京@c中国纺织出版社@d2000.06
215    @a304页@d26cm
300    @a新编服装院校系列教材
606 0  @a服装工业
690    @aTS941.63@v4
701  0 @a孙兆全@Asun zhao quan@4主编
801  0 @aCN@bPFT@c20040330
905    @aBZT@dTS941.63@e2@f8
    
    成衣纸样与服装缝制工艺/孙兆全主编.-北京:中国纺织出版社,2000.06
    304页;26cm
    新编服装院校系列教材
    
    ISBN 7-5064-1673-5:CNY30.00
    
●
相关链接 在五车中查询图书 在当当中查询图书 在豆瓣中查询图书


正题名:成衣纸样与服装缝制工艺     索取号:TS941.63/2         预约/预借

序号 登录号 条形码 馆藏地/架位号 状态 备注
1 0361587   230075265   中心书库中库/ 中库024架B面4列5层9/ [索取号:TS941.63/2] 在馆    
2 0361589   230075267   中心书库中库/ 中库024架B面4列5层12/ [索取号:TS941.63/2] 在馆    
3 0361590   230075261   中心书库中库/ 中库024架B面5列7层18/ [索取号:TS941.63/2] 在馆    
4 0361591   230075269   中心书库中库/ 中库024架B面4列5层24/ [索取号:TS941.63/2] 在馆    
5 0361592   230083306   中心书库中库/ 中库024架B面4列5层10/ [索取号:TS941.63/2] 在馆    
6 0361593   230075260   中心书库中库/ 中库024架B面4列5层11/ [索取号:TS941.63/2] 在馆    
7 2001061948   2001061948   样本书库/样008架B面1层1列/ [索取号:TS941.63/2] 在馆    
山东省滨州职业学院图书馆 欢迎您!
大连网信软件有限公司© 版权所有